LEADER 03463nam 22006852 450 001 9910457704603321 005 20151005020621.0 010 $a1-107-14925-8 010 $a1-280-47790-3 010 $a0-511-19532-X 010 $a0-511-19598-2 010 $a0-511-19392-0 010 $a0-511-31433-7 010 $a0-511-51193-0 010 $a0-511-19466-8 035 $a(CKB)1000000000353128 035 $a(EBL)259896 035 $a(OCoLC)171138789 035 $a(SSID)ssj0000233667 035 $a(PQKBManifestationID)11202643 035 $a(PQKBTitleCode)TC0000233667 035 $a(PQKBWorkID)10236484 035 $a(PQKB)11488005 035 $a(UkCbUP)CR9780511511936 035 $a(MiAaPQ)EBC259896 035 $a(Au-PeEL)EBL259896 035 $a(CaPaEBR)ebr10130382 035 $a(CaONFJC)MIL47790 035 $a(OCoLC)935232762 035 $a(EXLCZ)991000000000353128 100 $a20090312d2004|||| uy| 0 101 0 $aeng 135 $aur||||||||||| 181 $ctxt$2rdacontent 182 $cc$2rdamedia 183 $acr$2rdacarrier 200 10$aRebuilding Germany $ethe creation of the social market economy, 1945-1957 /$fJames C. Van Hook$b[electronic resource] 210 1$aCambridge :$cCambridge University Press,$d2004. 215 $a1 online resource (xiv, 312 pages) $cdigital, PDF file(s) 300 $aTitle from publisher's bibliographic system (viewed on 05 Oct 2015). 311 $a0-521-03996-7 311 $a0-521-83362-0 320 $aIncludes bibliographical references (p. 297-302) and index. 327 $aCover; Half-title; Title; Copyright; Dedication; Contents; Preface; List of Abbreviations; Introduction; 1 Planning for Reconstruction; 2 The Future of the Ruhr; 3 High Hopes and Disappointment: The SPD and the Planning Regime, 1945-47; 4 Ludwig Erhard, the CDU, and the Free Market; 5 Free Markets, Investment, and the Ruhr; 6 The Social Market Economy and Competition; Conclusion; Bibliography; Index 330 $aThe social market economy has served as a fundamental pillar of post-war Germany. Today, it is associated with the European welfare state. Initially, it meant the opposite. Rebuilding Germany examines the 1948 West German economic reforms that dismantled the Nazi command economy and ushered in the fabled 'European Miracle' of the 1950s. Van Hook evaluates the US role in German reconstruction, the problematic relationship of Chancellor Konrad Adenauer and his economics minister, Ludwig Erhard, the West German 'economic miracle', and the extent to which the social market economy represented a departure from the German past. In a nuanced and fresh account, Van Hook evaluates the American role in West German recovery and the debates about economic policy within West Germany, to show that Germans themselves had surprising room to shape their economic and industrial system. 606 $aFree enterprise 607 $aGermany (West)$xEconomic policy 607 $aGermany (West)$xEconomic conditions 607 $aGermany (West)$xSocial policy 607 $aUnited States$xForeign relations$zGermany (West) 607 $aGermany (West)$xForeign relations$zUnited States 615 0$aFree enterprise. 676 $a330.943/0875 700 $aVan Hook$b James C.$f1968-$0850890 801 0$bUkCbUP 801 1$bUkCbUP 906 $aBOOK 912 $a9910457704603321 996 $aRebuilding Germany$91899818 997 $aUNINA LEADER 00789nam0-2200301---450 001 990009520290403321 005 20220630113545.0 035 $a000952029 035 $aFED01000952029 035 $a(Aleph)000952029FED01 035 $a000952029 100 $a20120130d1968----km-y0itay50------ba 101 0 $aeng 102 $aGB 105 $a--------001yy 200 1 $a<> double helix$fby James D. Watson 210 $aLondon$cWeidenfeld and Nicolson$dc1968 215 $a226 p.$cill.$d22 cm 610 0 $aBiologia 676 $a570$v22$zita 700 1$aWatson,$bJames D.$0264151 801 0$aIT$bUNINA$gRICA$2UNIMARC 901 $aBK 912 $a990009520290403321 952 $aBSF- 570-WAT-1$bs.i.$fSC1 959 $aSC1 996 $aDouble helix$929807 997 $aUNINA